000 00692nam a2200241Ia 4500
005 20260430150700.0
008 008 250103s9999 xx 000 0 eng d
037 _aTheses
040 _aCRL
040 _beng
040 _ceng
041 _2eng
041 _aeng
084 _qCRL
100 _aSingh Ajit Au.; Tyagi Neeraj Gu.; Sanjai Kumar Gu.
_91238203
245 0 _aSolar Photovoltaic Cell and Characterisation of Related Materials
260 _c2024
300 _a108p.
650 _aElectronic Science
700 _aUniversity of Delhi. Faculty of Inter-Disciplinary&Applied Science. Deptt. of Electronic Science
_91238199
942 _cTH
999 _c1850379
_d1850379